Catálogo
 En Linea

Ensayo biográfico del célebre navegante y consumado cosmógrafo Juan de la Cosa y descripción e historia de su famosa carta geográfica / (Registro nro. 34048)

Detalles MARC
000 -CABECERA
campo de control de longitud fija 00884nam a2200157 a 4500
001 - NÚMERO DE CONTROL
campo de control 000034557
005 - FECHA Y HORA DE LA ÚLTIMA TRANSACCIÓN
campo de control 20200930073750.0
008 - DATOS DE LONGITUD FIJA--INFORMACIÓN GENERAL
campo de control de longitud fija 111006s1892 sp 000 0 spa d
040 ## - FUENTE DE LA CATALOGACIÓN
Centro catalogador/agencia de origen DO-SdBNP
Lengua de catalogación spa
Centro/agencia transcriptor BNPHU
082 ## - NÚMERO DE LA CLASIFICACIÓN DECIMAL DEWEY
Número de clasificación xxxx
100 1# - ENTRADA PRINCIPAL--NOMBRE DE PERSONA
Nombre de persona Vascáno, Antonio,
Fechas asociadas al nombre 1862-
9 (RLIN) 59993
245 10 - MENCIÓN DE TÍTULO
Título Ensayo biográfico del célebre navegante y consumado cosmógrafo Juan de la Cosa y descripción e historia de su famosa carta geográfica /
Mención de responsabilidad, etc. Antonio Vascáno (pseud. de Antonio Cánovas del Castillo y Vallejo.).
260 ## - PUBLICACIÓN, DISTRIBUCIÓN, ETC.
Lugar de publicación, distribución, etc. Madrid :
Nombre del editor, distribuidor, etc. Tipo-Litografía de V. Faure,
Fecha de publicación, distribución, etc. 1892.
500 ## - NOTA GENERAL
Nota general Obra impresa en español, francés é inglés, para acompañar al Mapamundi de Juan de la Cosa, que, como recuerdo del cuarto centenario del descubrimiento de América, han publicado en Madrid los sres. Cánovas Vallejo y Traynor. Octubre, 1892.
700 1# - PUNTO DE ACCESO ADICIONAL--NOMBRE DE PERSONA
Nombre de persona Cánovas del Castillo y Vallejo, Antonio
9 (RLIN) 59994
Existencias
Estado de retiro Estado de pérdida Restricciones de uso No para préstamo Código de colección Localización permanente Ubicación/localización actual Ubicación en estantería Fecha de adquisición Número de inventario Total de préstamos Signatura topográfica completa Código de barras Fecha visto por última vez Precio válido a partir de Tipo de ítem Koha Nota pública
      Excluido de préstamo Monografías: Libros y Folletos General General En catalogación 06.10.2011 LF1   xxxx 34557-10 25.06.2020 25.06.2020 No se presta Perteneció a la biblioteca personal de Julio Ortega Frier

Con tecnología Koha